000
00290nam a22001337a 4500
007
9780397546596
008
180924b xxu||||| |||| 00| 0 eng d
041
_a
eng
080
_a
610.73
100
_a
2
101
_a
2
245
_a
Fundamentals Of Nursing
_c
Lemore.T
942
_2
udc
_c
BK
999
_c
48336
_d
48336